| 000 | 00869nam a22002297a 4500 | ||
|---|---|---|---|
| 003 | BUBTL | ||
| 008 | 240313b ||||| |||| 00| 0 eng d | ||
| 020 | _a9487026800001 | ||
| 041 | _aবাংলা ও ইংরেজী | ||
| 082 | _a510/ R1293f/ 2014 | ||
| 100 |
_95735 _aরহমান, প্রফেসর ড. এম. এফ. |
||
| 245 |
_aফান্ডামেন্টালস অভ ম্যাথমেটিাস/ _bপ্রফেসর ড. এম. এফ. রহমন |
||
| 250 | _a৬স্ঠ সং | ||
| 260 |
_aঢাকা _bতিতাস পারলিকেশন্স _cc2014 |
||
| 300 |
_a836 p. : _bill. ; 21 cm. |
||
| 526 | _aLaw | ||
| 650 | 0 |
_92102 _aLaw |
|
| 700 |
_95736 _aমোঃ হাফিজুর রহমান |
||
| 856 |
_k0 _l0 _yDownload |
||
| 942 |
_2ddc _cBK |
||
| 999 |
_c7260 _d7260 |
||